Car models starting with Q by pictures - Statistics

General Stats
  • This quiz has been taken 34 times
  • The average score is 3 of 5
Answer Stats
Picture Hint Answer % Correct
Audi Q2
86%
Nissan Qashqai
86%
Maserati Quattroporte
62%
Infiniti Q50
48%
BYD Qin
17%
No matching quizzes found
Score Distribution
Percent of People with Each Score
Percentile by Number Answered
Your Score History
You have not taken this quiz